000 00834nam a22002057a 4500
999 _c3850
_d3850
003 AR-CdUCM
008 190307b ||||| |||| 00| 0 spa d
040 _aMUNICIPALIDAD PROVINCIAL DEL CUSCO
_cBIBLIOTECA MUNICIPAL DEL CUSCO
082 _a869.40 /
_bB22
100 _aBaptista Gumucio, Mariano
_912381
245 _aMadre naturaleza, vuélveme árbol :
_bVida y pensamiento de Man Césped /
260 _aBolivia :
_bBiblioteca popular boliviana de "ultima hora",
_c1979.
300 _a329 paginas ;
_c18 cm.
505 _aContenido :La ciudad de los cuatro nombres -- Viaje al Chimore -- El buscador de tesoros -- Esta es solo una capilla -- La paz y calacoto ...
650 _aLiteratura del siglo XX
_97647
650 _aCuentos bolivianos
_94549
650 _aLiteratura boliviana
_94271
942 _2ddc
_cLIBROS
945 _arum